1824 1708 1300 1679 1198 1467 1922 1956 2000 1879 1093 1466 1806 1673 1553 1422 1999 1754 1568 1010 1465 1922 1952 1374 1292 1662 1707 1972 1604 1948 1726 1534 1499 1022 1721 1832 1511 1571 1632 1413 1198 1309 1202 1417 1925 1963 1734 1375 1784 1299 1430 1690 1885 1403 1206 1440 1892 1310 1030 1900 1093 1606 1358 1059 1378 1647 1489 1750 1598 1890 1970 1210 1079 1954 1249 1064 1715 1168 1650 1214 1585 1837 1197 1447 1739 1600 1667 1568 1330 1856 1375 1921 1590 1163 1316 1268 1239 1976 1691 BCNSPRNW ULIB Ver.6.0+V

เปลี่ยนเป็นภาษาไทย

Change to English
 แสดงรายละเอียดบรรณานุกรม
  กลับหน้าหลัก

Brief Record : Get Marc (ISO 2709) : E-mail record : QR code < ปิดหน้าต่าง
LEADER : 00000nam 2200000uu 4500
001    13399127977
003     ULIB
008    211124s2563||||th 000 0 tha d
020 ^- ^a9786164075528
060 ^- ^aWP520^bซ72
245 00 ^aSex hormones-- et cetera /^cกระเษียร ปัญญาคำเลิศ, อัมรินทร์ สุวรรณ, จาริกา วัตราเศรษฐ์ บรรณาธิการ.
250 ^- ^aพิมพ์ครั้งที่ 1.
260 ^- ^aกรุงเทพฯ :^bภาควิชาสูติศาสตร์-นรีเวชวิทยา คณะแพทยศาสตร์ จุฬาลงกรณ์มหาวิทยาลัย,^c2563
300 ^- ^a346 หน้า :^bภาพประกอบ.
650 ^4 ^aฮอร์โมนเพศ^xการใช้รักษา.
700 0^ aกระเษียร ปัญญาคำเลิศ.
700 0  ^aอัมรินทร์ สุวรรณ.
710 2^ aจุฬาลงกรณ์มหาวิทยาลัย.ภาควิชาสูติศาสตร์-นรีเวชวิทยา.
945    ^p550^l0^i29144
999    ^aกัณชพร จุลอักษร
รายการนี้ยังไม่มีแท็ก
คุณยังไม่ได้ล็อกอิน คุณสามารถมีกิจกรรมร่วมกับเว็บไซต์ได้ แต่ต้องล็อกอินก่อน ::
  ล็อกอิน

รายการสื่อสารสนเทศ

ลำดับที่ ประเภท เลขเรียก/บาร์โค้ด สถานที่ สถานะ
1. วิทยาศาสตร์การแพทย์ และสุขภาพ
วิทยาศาสตร์การแพทย์ และสุขภาพ
WP520 ซ72 ฉ.1 
  Barcode: 29144
ห้องสมุดวิทยาเขตนครสวรรค์
►หนังสือทั่วไป:l:General Books
บนชั้น

BibComment


ยังไม่เคยถูกคอมเมนท์

คอมเมนท์ทรัพยากรรายการนี้
  คอมเมนท์: Sex hormones et ..


 Copyright 2026. Bcnsprnw @Library